Loading...
History - Other History | 0 | 5 | 0 | 3 | 50 | 43 | 101.60 | 1 | 1 |
Religion | 0 | 4 | 0 | 1 | 40 | 110 | 118.00 | 0 | 2 |
Social Science | 0 | 2 | 0 | 0 | 20 | 82 | 107.00 | 0 | 0 |
Fine Arts - Other Fine Arts | 0 | 2 | 0 | 0 | 20 | 119 | 121.00 | 0 | 0 |
Science - Biology | 0 | 2 | 0 | 0 | 20 | 100 | 101.50 | 0 | 0 |
Literature - World/Other Literature | 0 | 1 | 0 | 0 | 10 | 114 | 114.00 | 0 | 0 |
Mythology | 0 | 1 | 0 | 0 | 10 | 47 | 47.00 | 1 | 1 |
Fine Arts - Classical Music | 0 | 1 | 0 | 0 | 10 | 118 | 118.00 | 0 | 0 |
Fine Arts - Visual Fine Arts | 0 | 1 | 0 | 0 | 10 | 92 | 92.00 | 0 | 1 |
History - American History | 0 | 1 | 0 | 0 | 10 | 75 | 75.00 | 0 | 1 |
History - World History | 0 | 2 | 2 | 0 | 10 | 30 | 73.50 | 1 | 1 |
Literature - British Literature | 0 | 1 | 0 | 0 | 10 | 106 | 106.00 | 0 | 0 |
Science - Other Science | 0 | 1 | 0 | 0 | 10 | 102 | 102.00 | 0 | 0 |
Literature - American Literature | 0 | 1 | 1 | 0 | 5 | 129 | 129.00 | 0 | 0 |
Geography/Current Events | 0 | 1 | 2 | 0 | 0 | 70 | 70.00 | 0 | 0 |
History - European History | 0 | 2 | 5 | 0 | -5 | 93 | 101.00 | 0 | 0 |
Philosophy | 0 | 0 | 1 | 0 | -5 | 0.00 | 0 | 0 |